Труды VI международной конференции по проблемам свайного фундаментостроения. Т. 1: Теория и практика расчета несущей способности и осадки свайных фундаментов. Оценка несущей способности свай в полевых условиях, диагностика свойств грунтов, приборы, интерпретация результатов (Запись № 764656)

Подробности
000 -МАРКЕР
контрольное поле 02121nam2a2200313 4500
001 - ИДЕНТИФИКАТОР ЗАПИСИ
контрольное поле RU\NLR\bibl\136603
005 - ИДЕНТИФИКАТОР ВЕРСИИ
контрольное поле 20250618043329.0
010 ## - МЕЖДУНАРОДНЫЙ СТАНДАРТНЫЙ НОМЕР КНИГИ (ISBN)
Номер (ISBN) 5-88151-161-1
Тираж 200
021 ## - НОМЕР ГОСУДАРСТВЕННОЙ РЕГИСТРАЦИИ
Код страны Российская Федерация
Номер 98-37800
Номер Листа государственной регистраци 1812
035 ## - ДРУГИЕ СИСТЕМНЫЕ НОМЕРА
Идентификатор записи (NLR Aleph) 000133804
100 ## - ДАННЫЕ ОБЩЕЙ ОБРАБОТКИ
Данные общей обработки 20010222d1998 |||y0rusy50 ca
101 0# - ЯЗЫК РЕСУРСА
Язык текста, звукозаписи и т.д. русский
-- английский
Язык резюме английский
Язык оглавления английский
102 ## - СТРАНА ПУБЛИКАЦИИ ИЛИ ПРОИЗВОДСТВА
Страна публикации Российская Федерация
105 ## - ПОЛЕ КОДИРОВАННЫХ ДАННЫХ: ТЕКСТОВЫЕ МАТЕРИАЛЫ, МОНОГРАФИЧЕСКИЕ
Кодированные данные о монографическом текстовом документе a |||||||||
200 1# - ЗАГЛАВИЕ И СВЕДЕНИЯ ОБ ОТВЕТСТВЕННОСТИ
Основное заглавие Теория и практика расчета несущей способности и осадки свайных фундаментов. Оценка несущей способности свай в полевых условиях, диагностика свойств грунтов, приборы, интерпретация результатов
210 ## - ПУБЛИКАЦИЯ, РАСПРОСТРАНЕНИЕ И ДР.
Дата издания, распространения и т.д. 1998
Место издания, распространения и т.д. Б. м.
215 ## - ФИЗИЧЕСКАЯ ХАРАКТЕРИСТИКА
Специфическое обозначение материала и объем 217 с.
Другие сведения о физической характеристике ил.
300 ## - ОБЩИЕ ПРИМЕЧАНИЯ
Текст примечания Часть текста на англ. яз.
300 ## - ОБЩИЕ ПРИМЕЧАНИЯ
Текст примечания Рез. на англ. яз.
320 ## - ПРИМЕЧАНИЯ О НАЛИЧИИ В ДОКУМЕНТЕ БИБЛИОГРАФИИ / УКАЗАТЕЛЯ
Текст примечания Библиогр. в конце докл.
461 #0 - УРОВЕНЬ НАБОРА
Встроенное поле 001RU\NLR\bibl\79461
-- 2001#$aТруды VI международной конференции по проблемам свайного фундаментостроения$vТ. 1
Системный номер (АБИС) связанной записи 430552
Автор Международная конференция по проблемам свайного фундаментостроения (3 ; 1992 ; Минск)
Место публикации М.
Дата публикации 1998
Первые сведения об ответственности Под общ. ред. чл.-корр. Рос. Акад. наук, засл. деят. науки и техники РФ, проф. А.А. Бартоломея
Параллельное заглавие Works of the VI-th International Conference on the Problems of Pile Foundations Building
Имя издателя, распространителя и т.д. Перм. гос. техн. ун-т
Заглавие Труды VI международной конференции по проблемам свайного фундаментостроения
Номер тома Т. 1
606 0# - НАИМЕНОВАНИЕ ТЕМЫ КАК ПРЕДМЕТ
Наименование темы Свайные фундаменты
Формальный подзаголовок Съезды,совещания и т.п.
Тематический подзаголовок Несущая способность
-- Расчет
Системный номер авторитетной/нормативной записи 2196108
Идентификатор авторитетной/нормативной записи RU\NLR\auth\661319894
801 #0 - ИСТОЧНИК ЗАПИСИ
Страна Российская Федерация
Организация NLR
Дата составления 20010222
Правила каталогизации PSBO
801 #1 - ИСТОЧНИК ЗАПИСИ
Страна Российская Федерация
Организация NLR
Дата составления 20010222
852 ## - МЕСТОНАХОЖДЕНИЕ И ШИФР ХРАНЕНИЯ
Идентификатор организации NLR
Шифр хранения (Call Number) 2000-3/539
942 ## - ДОПОЛНИТЕЛЬНЫЕ ЭЛЕМЕНТЫ ЗАПИСИ (АБИС)
Тип экземпляра АБИС Книга
980 ## - КОЛЛЕКЦИЯ
Название коллекции Национальная библиография
Экземпляры
Тип экземпляра Дата поступления Библиотека постоянного хранения Библиотека текущего хранения Место хранения Шифр хранения Штрих-код Статус экземпляра
Книга 26.10.2013 РНБ (Московский) РНБ (Московский) Русский книжный фонд: издания с 1957 года 2000-3/539 133804-10